00446nam a2200193Ia 4500003000400000005001700004008004100021020001500062040000700077041000800084082001500092100002000107245002600127260003700153300001600190365001300206650001400219650001900233OSt20230411100057.0210423s2008 xx 000 0 und d a8180522083 cAL aeng a338.5 KUMB aKUMAR (Brajesh) aModern microeconomics aNew DelhibAne Books Indiac2008 axix,323bPB b195cINR aEconomics aMicroeconomics